[Event "Reykjavik op"]
[Site "Reykjavik"]
[Date "2025.04.15"]
[Round "9"]
[White "Harms, Reece"]
[Black "Schultze, Joerg Martin"]
[Result "1-0"]
[WhiteElo "1825"]
[BlackElo "1956"]
[PlyCount "89"]
[EventDate "2025.04.09"]
[EventType "swiss"]
[EventRounds "9"]
[EventCountry "ISL"]
[SourceTitle "CB17_2025"]
[SourceDate "2025.04.23"]
[SourceVersion "1"]
[SourceVersionDate "2025.04.23"]
[SourceQuality "1"]

1. e4 c5 2. Nf3 e6 3. d4 cxd4 4. Nxd4 Nf6 5. Bd3 Nc6 6. Nxc6 bxc6 7. Nd2 d5 8. Qe2 Be7 9. e5 Nd7 10. 0-0 Nc5 11. f4 Nxd3 12. Qxd3 Qb6+ 13. Kh1 Ba6 14. c4 g6 15. b3 0-0-0 16. Qc2 f5 17. Nf3 dxc4 18. bxc4 Qc5 19. Bd2 Qxc4 20. Qb2 Qd5 21. Rab1 Kd7 22. Rfc1 Ke8 23. Bb4 Rb8 24. Qa3 Qe4 25. Nd2 Rxb4 26. Nxe4 Rxb1 27. Nd6+ Bxd6 28. exd6 Rb6 29. Qc3 Rf8 30. Re1 Bc8 31. Qg7 Rb7 32. Rxe6+ Bxe6 33. Qxb7 Bd7 34. Qxa7 Rf6 35. Qd4 Re6 36. Kg1 Kf7 37. g3 h5 38. Kf2 Rf6 39. a4 Re6 40. a5 Re4 41. Qc5 Ra4 42. a6 Bc8 43. a7 Ra2+ 44. Ke3 Bd7 45. Qc4+ 1-0

[Event "Reykjavik op"]
[Site "Reykjavik"]
[Date "2025.04.14"]
[Round "8"]
[White "Schultze, Joerg Martin"]
[Black "Blanchet, Mathieu"]
[Result "0-1"]
[WhiteElo "1956"]
[BlackElo "2091"]
[PlyCount "65"]
[EventDate "2025.04.09"]
[EventType "swiss"]
[EventRounds "9"]
[EventCountry "ISL"]
[SourceTitle "CB17_2025"]
[SourceDate "2025.04.23"]
[SourceVersion "1"]
[SourceVersionDate "2025.04.23"]
[SourceQuality "1"]

1. d4 d5 2. c4 e6 3. Nc3 Nf6 4. cxd5 exd5 5. Bg5 Bb4 6. Qc2 c5 7. Nf3 Nbd7 8. e3 Qa5 9. Bd3 c4 10. Bf5 0-0 11. 0-0 Re8 12. h4 Bxc3 13. bxc3 Ne4 14. Bf4 Ndf6 15. Bxc8 Raxc8 16. Ne5 Nxc3 17. f3 b5 18. a3 Na4 19. g4 Qb6 20. Rab1 Re7 21. h5 Rb7 22. Rf2 Qe6 23. Rh2 Nd7 24. g5 Nxe5 25. Bxe5 Nc5 26. Kh1 Nd3 27. Qc3 Qf5 28. Rf1 Nxe5 29. dxe5 Qd3 30. Qe1 c3 31. Rh4 c2 32. Rd4 Qxf1+ 33. Qxf1 0-1

[Event "Rhein Main op-A 25th"]
[Site "Bad Homburg"]
[Date "2023.06.10"]
[Round "6"]
[White "Schultze, Joerg Martin"]
[Black "Kebbedies, Frank"]
[Result "1/2-1/2"]
[WhiteElo "1962"]
[BlackElo "1743"]
[PlyCount "50"]
[EventDate "2023.06.07"]
[EventType "swiss"]
[EventRounds "7"]
[EventCountry "GER"]
[SourceTitle "CBM 215 Extra"]
[Source "ChessBase"]
[SourceDate "2023.09.30"]
[SourceVersion "1"]
[SourceVersionDate "2023.09.30"]
[SourceQuality "1"]

1. d4 Nf6 2. c4 e6 3. Nc3 Bb4 4. Qc2 0-0 5. e4 d5 6. e5 Ne4 7. Bd3 c5 8. Nf3 cxd4 9. Nxd4 Nd7 10. Bf4 Ndc5 11. 0-0 Nxd3 12. Qxd3 Bxc3 13. bxc3 Qh4 14. g3 Qh5 15. cxd5 exd5 16. c4 Nc5 17. Qa3 Ne6 18. Nxe6 Bxe6 19. cxd5 Bxd5 20. Rad1 Bc6 21. f3 Rae8 22. Qxa7 Bxf3 23. Rd2 Bc6 24. Rdf2 Qf5 25. Qe3 Qe6 1/2-1/2

[Event "Rhein Main op-A 25th"]
[Site "Bad Homburg"]
[Date "2023.06.09"]
[Round "4"]
[White "Schultze, Joerg Martin"]
[Black "Nagel, Bernhard"]
[Result "0-1"]
[WhiteElo "1962"]
[BlackElo "2150"]
[PlyCount "106"]
[EventDate "2023.06.07"]
[EventType "swiss"]
[EventRounds "7"]
[EventCountry "GER"]
[SourceTitle "CBM 215 Extra"]
[Source "ChessBase"]
[SourceDate "2023.09.30"]
[SourceVersion "1"]
[SourceVersionDate "2023.09.30"]
[SourceQuality "1"]

1. d4 d5 2. c4 e6 3. Nc3 Nf6 4. cxd5 exd5 5. Bg5 Be7 6. Qc2 h6 7. Bh4 c6 8. e3 0-0 9. Bd3 Re8 10. Nge2 Nbd7 11. 0-0 Nh5 12. Bxe7 Qxe7 13. Ng3 Nxg3 14. hxg3 Nb6 15. Na4 Nxa4 16. Qxa4 Bd7 17. Qc2 h5 18. Bh7+ Kh8 19. Bf5 Rad8 20. b4 Qg5 21. Bxd7 Rxd7 22. Qc5 h4 23. gxh4 Qxh4 24. Rfe1 g6 25. b5 Kg7 26. bxc6 bxc6 27. Qxc6 Rh8 28. Kf1 Rdd8 29. Qc7 Rc8 30. Qe5+ Kg8 31. Ke2 Rh5 32. Qf4 Rc2+ 33. Kd3 Qxf4 34. exf4 Rxf2 35. Re2 Rxf4 36. Rb1 Rg5 37. Rb5 Rg3+ 38. Re3 Rxg2 39. Rxd5 Rxa2 40. Kc4 Rc2+ 41. Kb5 Rf6 42. Kb4 Rb6+ 43. Ka3 Rcb2 44. Ra5 Rb1 45. Ka2 R6b2+ 46. Ka3 Rd2 47. Rd5 Rdd1 48. Rd7 Rb6 49. Ka2 Rb4 50. Re8+ Kg7 51. Ree7 Rf1 52. d5 Rf5 53. d6 Ra5# 0-1

[Event "Heusenstamm Sparkassen op 8th"]
[Site "Heusenstamm"]
[Date "2022.11.20"]
[Round "7"]
[White "Schultze, Joerg Martin"]
[Black "Lutze, Max"]
[Result "0-1"]
[WhiteElo "1974"]
[BlackElo "1787"]
[PlyCount "96"]
[EventDate "2022.11.17"]
[EventType "swiss"]
[EventRounds "7"]
[EventCountry "GER"]
[SourceTitle "CBM 212 Extra"]
[Source "ChessBase"]
[SourceDate "2023.03.31"]
[SourceVersion "1"]
[SourceVersionDate "2023.03.31"]
[SourceQuality "1"]

1. d4 Nf6 2. c4 g6 3. Nc3 Bg7 4. e4 d6 5. Be2 0-0 6. Be3 e5 7. d5 Na6 8. g4 Nc5 9. f3 a5 10. h4 h5 11. g5 Ne8 12. Nh3 Bd7 13. Kd2 c6 14. Rc1 cxd5 15. cxd5 a4 16. Kc2 Qa5 17. Bd2 Qd8 18. Kb1 Nc7 19. Qf1 Qe7 20. Nb5 Bxb5 21. Bxb5 Ra7 22. Rc3 Rfa8 23. Ra3 Ne8 24. Be3 Qc7 25. Bxe8 Rxe8 26. Qb5 Rc8 27. Rc1 Ra5 28. Qb4 b6 29. Nf2 Qd7 30. Qd2 Bf8 31. Qc2 Raa8 32. Rc3 Ra7 33. Nd3 Qh3 34. Bf2 Re8 35. Nb4 Raa8 36. Qe2 Qh2 37. R3c2 a3 38. b3 Qf4 39. Rg1 Qh2 40. Qf1 Qf4 41. Qe2 Qh2 42. Rcc1 Qh3 43. Nc6 Qc8 44. b4 Na4 45. Qb5 Qh3 46. Qd3 Nb2 47. Qe2 Na4 48. Rh1 Qxh1 0-1

[Event "Heusenstamm Sparkassen op 8th"]
[Site "Heusenstamm"]
[Date "2022.11.19"]
[Round "5"]
[White "Schultze, Joerg Martin"]
[Black "Trenz, Finn"]
[Result "1/2-1/2"]
[WhiteElo "1974"]
[BlackElo "1678"]
[PlyCount "26"]
[EventDate "2022.11.17"]
[EventType "swiss"]
[EventRounds "7"]
[EventCountry "GER"]
[SourceTitle "CBM 212 Extra"]
[Source "ChessBase"]
[SourceDate "2023.03.31"]
[SourceVersion "1"]
[SourceVersionDate "2023.03.31"]
[SourceQuality "1"]

1. d4 d5 2. c4 c6 3. Nc3 Nf6 4. cxd5 cxd5 5. f3 Nc6 6. e4 e6 7. e5 Ng8 8. f4 Nh6 9. Nf3 Qb6 10. Bd3 Bd7 11. Na4 Qa5+ 12. Nc3 Qb6 13. Na4 Qa5+ 1/2-1/2

[Event "Reykjavik Kvika op"]
[Site "Reykjavik"]
[Date "2022.04.07"]
[Round "2"]
[White "Schultze, Joerg Martin"]
[Black "Gupta, Anand"]
[Result "1-0"]
[WhiteElo "1932"]
[BlackElo "1543"]
[PlyCount "143"]
[EventDate "2022.04.06"]
[EventType "swiss"]
[EventRounds "9"]
[EventCountry "ISL"]
[SourceTitle "CBM 207 Extra"]
[Source "ChessBase"]
[SourceDate "2022.05.31"]
[SourceVersion "1"]
[SourceVersionDate "2022.05.31"]
[SourceQuality "1"]

1. d4 Nf6 2. c4 g6 3. Nc3 d5 4. cxd5 Nxd5 5. e4 Nxc3 6. bxc3 Bg7 7. Bg5 c5 8. Rc1 cxd4 9. cxd4 0-0 10. d5 h6 11. Be3 e6 12. Bc4 exd5 13. Bxd5 Re8 14. Ne2 Nc6 15. 0-0 Be6 16. Qd2 Ne5 17. Bxh6 Bxh6 18. Qxh6 Ng4 19. Qd2 Qd6 20. Qf4 Ne5 21. Rfd1 Qa6 22. Qxe5 Qxe2 23. Qd4 Rad8 24. Qd2 Qxd2 25. Rxd2 Bxd5 26. exd5 Rd6 27. f4 Rd7 28. Kf2 Re4 29. Kf3 f5 30. d6 Re6 31. Rcd1 Kf7 32. h3 Re8 33. g4 Rh8 34. gxf5 gxf5 35. Kg3 Kf6 36. Rh2 Ke6 37. Re2+ Kf6 38. Re3 Rg8+ 39. Kh2 Rc8 40. Rd2 Rg8 41. Rg3 Rxg3 42. Kxg3 Rg7+ 43. Kf3 Rd7 44. h4 a6 45. h5 b5 46. Ke3 Ke6 47. Rd4 Kf6 48. Rd5 Kf7 49. Kd4 Ke8 50. Re5+ Kd8 51. Kd5 Rg7 52. Rxf5 Rg2 53. h6 Rh2 54. Rf6 b4 55. Kc4 Kd7 56. Kxb4 Rxa2 57. Kc5 Ra5+ 58. Kd4 Rh5 59. f5 Rh2 60. Rg6 a5 61. Ke5 Re2+ 62. Kf6 Rf2 63. h7 Rh2 64. Kg7 a4 65. h8Q Rb2 66. Kf7 Kc6 67. Qxb2 a3 68. Qxa3 Kd7 69. Qa4+ Kc8 70. Qc6+ Kb8 71. Qc7+ Ka8 72. Rg8# 1-0

[Event "Heusenstamm Sparkassen op-A 6th"]
[Site "Heusenstamm"]
[Date "2019.11.22"]
[Round "3"]
[White "Michels, Holger"]
[Black "Schultze, Joerg Martin"]
[Result "0-1"]
[WhiteElo "1798"]
[BlackElo "1950"]
[PlyCount "50"]
[EventDate "2019.11.21"]
[EventType "swiss"]
[EventRounds "7"]
[EventCountry "GER"]
[SourceTitle "CBM 194 Extra"]
[Source "ChessBase"]
[SourceDate "2020.03.31"]
[SourceVersion "1"]
[SourceVersionDate "2020.03.31"]
[SourceQuality "1"]

1. c4 c5 2. g3 Nf6 3. Bg2 d5 4. cxd5 Nxd5 5. Nc3 Nc7 6. Nf3 Nc6 7. d3 e5 8. Be3 Be7 9. Rc1 f6 10. Na4 b6 11. Nxe5 Nxe5 12. Bxa8 Nxa8 13. Nc3 Bb7 14. f3 Qd7 15. Ne4 Nc7 16. Qc2 0-0 17. h4 Re8 18. h5 f5 19. Nf2 Bd6 20. Kf1 Nxf3 21. h6 Rxe3 22. exf3 Rxf3 23. Qc4+ Bd5 24. Qh4 Bxg3 25. Qg5 Bxf2 0-1

[Event "Heusenstamm Sparkassen op-A 6th"]
[Site "Heusenstamm"]
[Date "2019.11.22"]
[Round "2"]
[White "Schultze, Joerg Martin"]
[Black "Browning, Alex"]
[Result "0-1"]
[WhiteElo "1950"]
[BlackElo "2264"]
[PlyCount "46"]
[EventDate "2019.11.21"]
[EventType "swiss"]
[EventRounds "7"]
[EventCountry "GER"]
[SourceTitle "CBM 194 Extra"]
[Source "ChessBase"]
[SourceDate "2020.03.31"]
[SourceVersion "1"]
[SourceVersionDate "2020.03.31"]
[SourceQuality "1"]

1. d4 Nf6 2. Nf3 g6 3. g3 Bg7 4. Bg2 0-0 5. 0-0 d6 6. b3 a5 7. a4 Nc6 8. Bb2 Re8 9. Na3 Bf5 10. Nh4 Bd7 11. e4 e5 12. d5 Nb4 13. Nc4 b5 14. axb5 Bxb5 15. c3 Bxc4 16. bxc4 Na6 17. Rxa5 Nc5 18. Rxa8 Qxa8 19. Qc2 Qa2 20. Ra1 Qxc4 21. Ra7 Rb8 22. Rxc7 Qa2 23. Qd2 Qxb2 0-1

[Event "Heusenstamm Sparkassen op-A 5th"]
[Site "Heusenstamm"]
[Date "2018.11.25"]
[Round "7"]
[White "Siddharth, Jagadeesh"]
[Black "Schultze, Joerg Martin"]
[Result "1-0"]
[WhiteElo "2215"]
[BlackElo "2027"]
[PlyCount "49"]
[EventDate "2018.11.22"]
[EventType "swiss"]
[EventRounds "7"]
[EventCountry "GER"]
[SourceTitle "CBM 188 Extra"]
[Source "ChessBase"]
[SourceDate "2019.02.28"]
[SourceVersion "1"]
[SourceVersionDate "2019.02.28"]
[SourceQuality "1"]

1. d4 c6 2. c4 d5 3. Nf3 Nf6 4. g3 e6 5. Bg2 Bd6 6. 0-0 Nbd7 7. Nfd2 0-0 8. Nc3 Re8 9. e4 dxe4 10. Ndxe4 Be7 11. Be3 Nxe4 12. Nxe4 Nf6 13. Nc3 Qa5 14. Re1 e5 15. dxe5 Ng4 16. Bf4 g5 17. Bd2 Qb6 18. Ne4 Bf5 19. Qf3 Bxe4 20. Rxe4 f5 21. exf6 Nxf6 22. Rxe7 Rxe7 23. Qxf6 Rf8 24. Qxe7 Qxf2+ 25. Kh1 1-0

[Event "Heusenstamm Sparkassen op-A 5th"]
[Site "Heusenstamm"]
[Date "2018.11.23"]
[Round "2"]
[White "Schultze, Joerg Martin"]
[Black "Heimrath, Reiner"]
[Result "0-1"]
[WhiteElo "2027"]
[BlackElo "2262"]
[PlyCount "70"]
[EventDate "2018.11.22"]
[EventType "swiss"]
[EventRounds "7"]
[EventCountry "GER"]
[SourceTitle "CBM 188 Extra"]
[Source "ChessBase"]
[SourceDate "2019.02.28"]
[SourceVersion "1"]
[SourceVersionDate "2019.02.28"]
[SourceQuality "1"]

1. d4 Nf6 2. c4 g6 3. Nc3 Bg7 4. e4 d6 5. Be2 0-0 6. Be3 Na6 7. g4 Nd7 8. Nf3 e5 9. d5 Ndc5 10. Rg1 c6 11. Qd2 Qa5 12. Kf1 Nb3 13. axb3 Qxa1+ 14. Kg2 Qa5 15. Kh1 Qc7 16. h4 Qe7 17. h5 Nc5 18. Bd1 a5 19. Rg2 Bd7 20. Bh6 Bxh6 21. Qxh6 Qf6 22. Qe3 Qf4 23. Qxf4 exf4 24. Ne1 Rfe8 25. f3 Kh8 26. g5 gxh5 27. Rh2 Re5 28. Ne2 cxd5 29. cxd5 Rxg5 30. Nxf4 Bb5 31. Nxh5 Rag8 32. Ng2 Bf1 33. Nhf4 Nd3 34. Be2 Bxg2+ 35. Nxg2 Ne1 0-1

[Event "Wiesbaden op 30th"]
[Site "Wiesbaden"]
[Date "2018.08.26"]
[Round "7"]
[White "Puschendorf, Steffen"]
[Black "Schultze, Joerg Martin"]
[Result "1-0"]
[WhiteElo "2118"]
[BlackElo "1998"]
[PlyCount "43"]
[EventDate "2018.08.23"]
[EventType "swiss"]
[EventRounds "7"]
[EventCountry "GER"]
[SourceTitle "CBM 186 Extra"]
[Source "ChessBase"]
[SourceDate "2018.08.24"]
[SourceVersion "1"]
[SourceVersionDate "2018.08.24"]
[SourceQuality "1"]

1. d4 Nf6 2. c4 c5 3. d5 b5 4. cxb5 a6 5. Nc3 e6 6. e4 Bb7 7. bxa6 Nxa6 8. Bc4 Qb6 9. Nf3 Nc7 10. 0-0 Nxe4 11. Nxe4 exd5 12. Ne5 0-0-0 13. Nxf7 Be7 14. Nxd8 Kxd8 15. Ng5 dxc4 16. Nf7+ Ke8 17. Nxh8 Qe6 18. Re1 Qg8 19. Qd6 Ne6 20. Qb8+ Nd8 21. Rxe7+ Kxe7 22. Bg5+ 1-0

[Event "Wiesbaden op 30th"]
[Site "Wiesbaden"]
[Date "2018.08.25"]
[Round "5"]
[White "Chandler, Patrick"]
[Black "Schultze, Joerg Martin"]
[Result "1-0"]
[WhiteElo "2147"]
[BlackElo "1998"]
[PlyCount "79"]
[EventDate "2018.08.23"]
[EventType "swiss"]
[EventRounds "7"]
[EventCountry "GER"]
[SourceTitle "CBM 186 Extra"]
[Source "ChessBase"]
[SourceDate "2018.08.24"]
[SourceVersion "1"]
[SourceVersionDate "2018.08.24"]
[SourceQuality "1"]

1. Nf3 d5 2. b4 Nf6 3. Bb2 Qd6 4. a3 Nbd7 5. e3 e5 6. d4 e4 7. Nfd2 g6 8. c4 c6 9. Nc3 Bg7 10. Be2 Nf8 11. b5 h5 12. a4 Ng4 13. h3 Nxe3 14. fxe3 Qg3+ 15. Kf1 Qxe3 16. cxd5 Qf4+ 17. Bf3 exf3 18. Nxf3 cxd5 19. b6 Ne6 20. Ba3 axb6 21. Nxd5 Qf5 22. Nxb6 Rb8 23. Nc4 Bf8 24. Bxf8 Kxf8 25. d5 Ng5 26. Ra3 Qf4 27. Ncd2 Kg8 28. Kf2 Bd7 29. Rf1 Bxh3 30. gxh3 Nxh3+ 31. Kg2 Qg4+ 32. Kh1 Nf4 33. Rf2 Nxd5 34. Nf1 Nf4 35. Qd6 Kh7 36. N3h2 Qe6 37. Qxf4 Rhf8 38. Nf3 Qh3+ 39. N1h2 Rbc8 40. Ng5+ 1-0

[Event "Rhein Main op-A 20th"]
[Site "Bad Homburg"]
[Date "2017.06.17"]
[Round "5"]
[White "Schwenkreis, Thomas"]
[Black "Schultze, Joerg Martin"]
[Result "1-0"]
[WhiteElo "2125"]
[BlackElo "1999"]
[PlyCount "57"]
[EventDate "2017.06.14"]
[EventType "swiss"]
[EventRounds "7"]
[EventCountry "GER"]
[SourceTitle "EXT 2018"]
[Source "ChessBase"]
[SourceDate "2017.10.13"]
[SourceVersion "1"]
[SourceVersionDate "2017.10.13"]
[SourceQuality "1"]

1. e4 c6 2. f4 d5 3. Nc3 e6 4. Nf3 Nf6 5. e5 Nfd7 6. Ne2 c5 7. c3 Qa5 8. d4 Nc6 9. dxc5 Qxc5 10. Ng3 h5 11. Bd3 g6 12. Qe2 h4 13. Nf1 Qa5 14. Be3 Nc5 15. Bc2 Qc7 16. N1d2 b6 17. b4 Nd7 18. Nb3 Rh5 19. 0-0 a5 20. b5 a4 21. bxc6 Qxc6 22. Nbd4 Qxc3 23. Bd2 Qc7 24. Bd3 Nc5 25. Rac1 Ba6 26. Bxa6 Rxa6 27. Rxc5 bxc5 28. Qxa6 cxd4 29. Rc1 1-0

[Event "GER Seniors Derby 16th"]
[Site "Wesel Undeloh"]
[Date "2017.03.18"]
[Round "5"]
[White "Schultze, Joerg Martin"]
[Black "Schmitz, Paul"]
[Result "1-0"]
[WhiteElo "2018"]
[BlackElo "1611"]
[PlyCount "81"]
[EventDate "2017.03.16"]
[EventType "swiss"]
[EventRounds "7"]
[EventCountry "GER"]
[SourceTitle "EXT 2019"]
[Source "ChessBase"]
[SourceDate "2018.10.10"]
[SourceVersion "1"]
[SourceVersionDate "2018.10.10"]
[SourceQuality "1"]

1. d4 d5 2. c4 c6 3. cxd5 cxd5 4. Nc3 Nf6 5. f3 Nc6 6. e4 dxe4 7. d5 Ne5 8. fxe4 e6 9. Nf3 Nxf3+ 10. Qxf3 exd5 11. exd5 Be7 12. Bb5+ Bd7 13. Bf4 Bxb5 14. Nxb5 Qa5+ 15. Nc3 Qb6 16. 0-0-0 0-0-0 17. Qh3+ Nd7 18. Kb1 Bd6 19. Bxd6 Qxd6 20. Nb5 Qg6+ 21. Ka1 Kb8 22. Qe3 Qb6 23. Qg3+ Ka8 24. Nc7+ Kb8 25. Nb5+ Ka8 26. Nc7+ Kb8 27. Ne6+ Ka8 28. Nxd8 Rxd8 29. Qxg7 Qg6 30. Qxg6 hxg6 31. Rhe1 f6 32. Re6 b6 33. d6 Kb8 34. Rde1 Kc8 35. Re8 Ne5 36. Rxd8+ Kxd8 37. Rf1 f5 38. Re1 Nf7 39. Re6 Nh8 40. Kb1 Kd7 41. Rf6 1-0

[Event "Basel op"]
[Site "Basel"]
[Date "2017.01.05"]
[Round "5"]
[White "Schleich, Markus"]
[Black "Schultze, Joerg Martin"]
[Result "1/2-1/2"]
[WhiteElo "2196"]
[BlackElo "1984"]
[PlyCount "53"]
[EventDate "2017.01.02"]
[EventType "swiss"]
[EventRounds "9"]
[EventCountry "SUI"]
[SourceTitle "CBM 176 Extra"]
[Source "ChessBase"]
[SourceDate "2017.03.02"]
[SourceVersion "1"]
[SourceVersionDate "2017.03.02"]
[SourceQuality "1"]

1. e4 c6 2. d4 d5 3. e5 c5 4. dxc5 Nc6 5. Nf3 Bg4 6. c3 e6 7. Be3 Nge7 8. Nbd2 Nf5 9. Bd4 Nfxd4 10. cxd4 Qa5 11. b4 Qxb4 12. Rb1 Bxf3 13. Qxf3 Qxd4 14. Rxb7 Qa1+ 15. Qd1 Qxe5+ 16. Qe2 Qxe2+ 17. Bxe2 Nd4 18. Nb3 Nxb3 19. Bb5+ Kd8 20. axb3 Bxc5 21. Ke2 a6 22. Ba4 Kc8 23. Rxf7 Ra7 24. Rxa7 Bxa7 25. Rc1+ Kb7 26. Bc6+ Kb6 27. Bd7 1/2-1/2

[Event "Basel op"]
[Site "Basel"]
[Date "2017.01.03"]
[Round "3"]
[White "Schultze, Joerg Martin"]
[Black "Jakel, Wolfgang"]
[Result "0-1"]
[WhiteElo "1984"]
[BlackElo "2223"]
[PlyCount "78"]
[EventDate "2017.01.02"]
[EventType "swiss"]
[EventRounds "9"]
[EventCountry "SUI"]
[SourceTitle "CBM 176 Extra"]
[Source "ChessBase"]
[SourceDate "2017.03.02"]
[SourceVersion "1"]
[SourceVersionDate "2017.03.02"]
[SourceQuality "1"]

1. d4 d5 2. c4 e6 3. Nc3 c5 4. cxd5 exd5 5. Nf3 Nc6 6. g3 Nf6 7. Bg5 cxd4 8. Nxd4 Be7 9. Bg2 0-0 10. 0-0 Re8 11. e3 Be6 12. Rc1 h6 13. Bxf6 Bxf6 14. Nxc6 bxc6 15. Na4 Qd6 16. Qd2 Reb8 17. b3 Rb5 18. e4 Rd8 19. Rfd1 Bg4 20. f3 Bg5 21. f4 Bxd1 22. Rxd1 Be7 23. exd5 cxd5 24. Nc3 Qb6+ 25. Kh1 Bb4 26. Bxd5 Rbxd5 27. Nxd5 Bxd2 28. Nxb6 axb6 29. Kg2 Rd4 30. Kf3 Bc3 31. Rc1 Bb4 32. Rc8+ Kh7 33. Rc4 Rxc4 34. bxc4 Kg6 35. Ke4 Kh5 36. h3 Be1 37. Kf3 Kg6 38. g4 Kf6 39. Ke4 Ke6 0-1

[Event "Basel op"]
[Site "Basel"]
[Date "2017.01.02"]
[Round "1"]
[White "Schultze, Joerg Martin"]
[Black "Rahnfeld, Jens"]
[Result "0-1"]
[WhiteElo "1984"]
[BlackElo "2274"]
[PlyCount "50"]
[EventDate "2017.01.02"]
[EventType "swiss"]
[EventRounds "9"]
[EventCountry "SUI"]
[SourceTitle "CBM 176 Extra"]
[Source "ChessBase"]
[SourceDate "2017.03.02"]
[SourceVersion "1"]
[SourceVersionDate "2017.03.02"]
[SourceQuality "1"]

1. d4 Nf6 2. c4 g6 3. Nc3 d5 4. cxd5 Nxd5 5. e4 Nxc3 6. bxc3 Bg7 7. Bg5 c5 8. Rc1 Qa5 9. Qd2 h6 10. Be3 cxd4 11. cxd4 Qxd2+ 12. Kxd2 0-0 13. Bc4 Nc6 14. Ne2 Rd8 15. Rhd1 Nxd4 16. Nxd4 e5 17. Bd5 exd4 18. Ke1 Rxd5 19. exd5 dxe3 20. fxe3 Be5 21. d6 Bd7 22. g3 Rd8 23. Rd3 Bc6 24. Rcd1 f6 25. Kf2 Kf7 0-1

[Event "Korbach op 8th"]
[Site "Korbach"]
[Date "2016.10.20"]
[Round "1"]
[White "Frolov, Artur"]
[Black "Schultze, Joerg Martin"]
[Result "1-0"]
[WhiteElo "2416"]
[BlackElo "1968"]
[PlyCount "81"]
[EventDate "2016.10.20"]
[EventType "swiss"]
[EventRounds "7"]
[EventCountry "GER"]
[SourceTitle "CBM 175 Extra"]
[Source "ChessBase"]
[SourceDate "2016.12.12"]
[SourceVersion "1"]
[SourceVersionDate "2016.12.12"]
[SourceQuality "1"]

1. e4 c6 2. d4 d5 3. Nd2 dxe4 4. Nxe4 Bf5 5. Ng3 Bg6 6. Nf3 Nd7 7. h4 h6 8. h5 Bh7 9. Bd3 Bxd3 10. Qxd3 Ngf6 11. Bf4 Qa5+ 12. Bd2 Qc7 13. 0-0-0 e6 14. Ne4 Be7 15. Nxf6+ Bxf6 16. Qa3 Be7 17. Qa5 b6 18. Qc3 0-0 19. Ne5 Nxe5 20. dxe5 Rfd8 21. Bf4 Rxd1+ 22. Rxd1 Rd8 23. Rxd8+ Bxd8 24. Qg3 Kf8 25. Qd3 Kg8 26. Be3 Be7 27. f4 Qd8 28. Qxd8+ Bxd8 29. Kd2 g6 30. g4 gxh5 31. gxh5 f5 32. exf6 Kf7 33. Kd3 Bxf6 34. b3 Bd8 35. Ke4 Kf6 36. a4 a5 37. Bd4+ Kf7 38. f5 c5 39. Be3 Bg5 40. Bxg5 hxg5 41. Ke5 1-0